Os pioneiros do Oeste (Registo nº 4094)

Detalhes MARC
000 -Etiqueta do registo
Cabeçalho 00843cam a2200277 4500
005 - Identificador da versão
Campo de controlo 20240813122052.0
021 ## - Número do Depósito Legal
Código do país PT
Número 12 158/86
100 ## - Dados gerais de processamento
Dados gerais de processamento 20080918d1986 ma y0pory5003 ba
102 ## - Pais de publicação ou produção
País de publicação Portugal
101 1# - Língua de publicação
Língua do texto, banda sonora, etc. Português
Língua do documento no original Francês
106 ## - Campo de dados codificados: material textual
Dados codificados do material textual r
105 ## - Campo de dados codificados: livros
Dados codificados dos livros a z 001fy
215 ## - Descrição física 
Indicação específica da natureza do documento e extensão da espécie 162 p.
Outras indicações físicas il.
Dimensões 19 cm
200 1# - Titulo e menção de responsabilidade
Título próprio Os pioneiros do Oeste
Primeira menção de responsabilidade Jean-Louis Rieupeyrout
Outras menções de responsabilidade il. René Follet
-- trad. Maria Cristina F. F. Varela
225 1# - Colecção 
Título próprio da colecção Vida no Passado
Indicação de volume 2
210 ## - Publicação, Distribuição, etc. 
Lugar da edição, distribuição, etc. Lisboa
Nome do editor, distribuidor, etc. Verbo
Data da publicação, distribuição, etc. imp. 1986
304 ## - Notas relativas a título e menção de responsabilidade 
Texto da nota Tªt. orig.: La vie quotidienne des conquérants du far west
675 ## - Classificação Decimal Universal (CDU)
Notação 087.5:008
Edição med
Língua da edição fre
702 #1 - Nome de autor-pessoa física (responsabilidade secundária)
Número de registo de entrada de autoridade 0000671
Palavra de ordem Follet
Outra parte do nome não tomada para palavra de ordem René
Código de função Ilustrador / Técnico de desenho computorizado
Número de registo de entrada de autoridade 0000672
Palavra de ordem Varela
Outra parte do nome não tomada para palavra de ordem Maria Cristina F. F.
Código de função Tradutor
700 #1 - Nome de autor-pessoa física (responsabilidade principal)
Número de registo de entrada de autoridade 0000670
Palavra de ordem Rieupeyrout
Outra parte do nome não tomada para palavra de ordem Jean-Louis
942 ## - Elementos de entrada adicionados (Koha)
Tipo de item no Koha Livro
Exemplares
Situação do levantamento Origin of item (home branch) (coded) Biblioteca de empréstimo Código de barras Cota Circulation type (not for loan) Tipo de documento Nota do exemplar Damaged status
  Biblioteca Escolar das Vendas Biblioteca Escolar das Vendas BEV850 9UNI RIE   Livro Sem mensagem